Sportszellem. {Spirit sportiv}. [Fair play]
Elmentve itt :
| Szerző: | |
|---|---|
| Adatforrás: | Meister |
| Forrásdokumentuma: | Helikon. - 2002. 22, 1. |
| Nyelv: | magyar |
| Kulcsszavak: | politikai esszé eseu politic political essay |
| LEADER | 00398nab a2200145 i 4500 | ||
|---|---|---|---|
| 001 | bibPRO00012227 | ||
| 008 | 080908s2002 xx hun | ||
| 040 | |a Sz1 | ||
| 041 | |a hun | ||
| 100 | 1 | |a LÁSZLÓFFY Aladár | |
| 245 | 1 | 0 | |a Sportszellem. {Spirit sportiv}. [Fair play] |c LÁSZLÓFFY Aladár |
| 695 | |a politikai esszé | ||
| 695 | |a eseu politic | ||
| 695 | |a political essay | ||
| 773 | 0 | |t Helikon. - |g 2002. 22, 1. | |